banner-ar

PLANT DISEASES, 6TH ED / (Record no. 20541)

MARC details
000 -الفاتح
حقل البيانات ثابتة الطول 00559nam a2200205Ia 4500
008 - عناصر البيانات ثابتة الطول - معلومات عامة
حقل البيانات ثابتة الطول 140319s9999 xx 000 0 eng d
040 ## - مصدر الفهرسة
وكالة الفهرسة الأصلية GCL /
وكالة النسخ GCL
082 04 - رقم تصنيف ديوى العشرى
رقم التصنيف 581.2
رقم المادة S P
100 1# - المدخل الرئيسى - إسم شخصى
الإسم الشخصى SINGH, R.S.
245 10 - بيان العنوان
العنوان PLANT DISEASES, 6TH ED /
بيان المسئوليه,etc SINGH, R.S.
260 ## - PUBLICATION, DISTRIBUTION, ETC. (IMPRINT)
تاريخ النشر أو التوزيع 1990
300 ## - الوصف المادى
التعداد 619 P
650 04 - المدخل الاضافى بالموضوع-مصطلح موضوعى
مصطلح موضوعي PLANT - DISEASES
650 04 - المدخل الاضافى بالموضوع-مصطلح موضوعى
مصطلح موضوعي FUNGAL DISEASES OF PLANTS
650 04 - المدخل الاضافى بالموضوع-مصطلح موضوعى
مصطلح موضوعي BACTERIAL DISEASE
650 04 - المدخل الاضافى بالموضوع-مصطلح موضوعى
مصطلح موضوعي PLANT - PROTECTION
650 04 - المدخل الاضافى بالموضوع-مصطلح موضوعى
مصطلح موضوعي PLANT - PATHOLOGY
942 ## - عناصر المدخل الإضافي( كوها)
مصدر التصنيف او مخطط الترفيف Dewey Decimal Classification
Koha [default] item type كتاب
260 ## - PUBLICATION, DISTRIBUTION, ETC. (IMPRINT)
-- [S.N] :
-- OXFORD & IBH PUBLISHING CO.PVT. LTD. ،
Holdings
حالة التراجع حالة الفقد حالة تلف ليس للاعارة المكان المؤقت الموقع الحالى تاريخ الاكتساب اجمالي اﻻعارات رقم الطلب الباركود تاريخ اخر مشاهدة تاريخ تفعيل السعر نوع وعاء كوها
        مكتبة القاهرة الكبرى مكتبة القاهرة الكبرى 03/26/2014   581.2\S P 38466 03/26/2014 03/26/2014 كتاب

Powered By

EGPV